| 000 | 00729cam a2200229 4500500 | ||
|---|---|---|---|
| 005 | 20260405003328.0 | ||
| 041 | _afre | ||
| 042 | _adc | ||
| 100 | 1 | 0 |
_aLegros, Martin _eauthor |
| 245 | 0 | 0 | _aTristan Garcia : “Les algorithmes gèrent nos nerfs pour nous transformer en rats de laboratoire” |
| 260 | _c2021. | ||
| 500 | _a29 | ||
| 690 | _aÉlectricité | ||
| 690 | _aÉnervement | ||
| 690 | _aIntensité | ||
| 690 | _aLumières | ||
| 690 | _aRéseaux sociaux | ||
| 690 | _aScience | ||
| 690 | _aTristan Garcia | ||
| 786 | 0 | _nPhilosophie magazine | 150 | 6 | 2021-06-01 | p. 39-39 | 1951-1787 | |
| 856 | 4 | 1 | _uhttps://shs.cairn.info/magazine-philosophie-magazine-2021-6-page-39?lang=fr&redirect-ssocas=7080 |
| 999 |
_c2066583 _d2066583 |
||